Fortalecimiento del ecosistema institucional de investigación, creación e innovación vía 2030 : hacia la definición de dimensiones y componentes estratégicos para su desarrollo /

Bibliographic Details
Main Author: Cardona Quiroz, Jesús David (Author)
Format: Electronic eBook
Language:Spanish
Published: [Cali, Colombia] : Programa Editorial, Universidad Autónoma de Occidente, 2022.
Edition:Primera edición.
Subjects:
Online Access:Digitalia Hispánica

MARC

LEADER 00000nam a2200000 i 4500
001 DIGUAOCCTE0082
003 NyNyDIG
006 m o d
007 cr |||||||||||
008 231022s2022 ck a ob 000 0 spa d
035 |a (OCoLC)1401962571 
040 |a DGITA  |b eng  |e rda  |e pn  |c DGITA 
020 |a 9789586191197  |q eBook 
043 |a s-ck--- 
050 1 4 |a LB1027 ebook 
100 1 |a Cardona Quiroz, Jesús David,  |e author. 
245 1 0 |a Fortalecimiento del ecosistema institucional de investigación, creación e innovación vía 2030 :  |b hacia la definición de dimensiones y componentes estratégicos para su desarrollo /  |c Jesús David Cardona Quiroz [and 6 others]. 
250 |a Primera edición. 
264 1 |a [Cali, Colombia] :  |b Programa Editorial, Universidad Autónoma de Occidente,  |c 2022. 
300 |a 1 online resource :  |b illustrations. 
336 |a text  |b txt  |2 rdacontent 
337 |a computer file  |b c  |2 rdamedia 
338 |a online resource  |b cr  |2 rdacarrier 
347 |a text file  |2 rdaft 
347 |b PDF 
504 |a Includes bibliographical references. 
588 0 |a Online resource; title from PDF title page (Digitalia, viewed October 22, 2023) 
650 0 |a Educational innovations. 
650 0 |a Technology and state  |z Colombia. 
650 0 |a Science and state  |z Colombia. 
650 0 |a Education, Higher  |z Colombia. 
791 2 |a Digitalia (Firm),  |e distributor. 
793 0 |g Digitalia eBook Collection:  |a Universidad Autónoma de Occidente 
856 4 0 |3 Digitalia Hispánica  |u https://www.digitaliapublishing.com/a/130503/ 
910 |a Premium collection: 2023